| 000 | 00930nam a2200277 i 4500 | ||
|---|---|---|---|
| 003 | DO-SdBNP | ||
| 005 | 20260316091326.0 | ||
| 007 | ta | ||
| 008 | 210707b2015 dr a|||| |||| 00| 0 sap d | ||
| 020 | _a9789945494204 | ||
| 040 |
_aDO-SdBNP _bspa _cBNPHU _erda |
||
| 041 | _aspa | ||
| 082 | 4 |
_a026.0006 _bP426a _222 |
|
| 100 | 1 |
_aPeralta Checo, H. Teresa, _eautor _4aut. _911633 |
|
| 245 | 1 | 3 |
_aEl archivo personal : _borganizando nuestras vidas / _cH.Teresa Peralta Checo |
| 264 | 1 |
_aSanto Domingo : _bFundación Grupo de Apoyo a la Documentación, _c2015. |
|
| 300 |
_a15 páginas : _bilustraciones; _c20 cm |
||
| 336 |
_atexto _btxt _2rdacontent |
||
| 337 |
_asin mediación _bn _2rdamedia |
||
| 338 |
_avolumen _bnc _2rdacarrier |
||
| 590 | _aInventariado, 2023/BT | ||
| 650 | 4 |
_aOrganización de documentos _979136 |
|
| 650 | 0 |
_aArchivos personales _935706 |
|
| 650 | 4 |
_aDocumentos pesonales _vArchivo _979137 |
|
| 942 |
_2ddc _cLF2 |
||
| 999 |
_c50065 _d50065 |
||